00737nam a2200241 a 4500001001300000003000900013005001700022008004100039020001000080082001300090100001600103245003300119260005700152300000900209500003500218505005100253650001700304700001600321902000800337942000700345952012600352999001700478nice12345678IN_TiNIC20260116013427.0050524s1987 luca grp 000 0 eng  ac15000a301bMAT aMathur, K S aAnthropological Perspectives aLucknowbEthnographic and Folk Culture Societyc1987 a168p aincludes index and biblioraphy2 aBibliography, Sources, Glossary, Abbreviations aAnthropology1 aMathur, K S bSRS cBK 001040708StackRoom-aHMIbHMId2007-03-19g150.00l1o301 MATp018475r2018-01-10s2018-01-08v150.00w2005-05-24yBK c10937d10937